000 00411nam a2200157Ia 4500
003 LK-CoDNM
008 010623t1913 xxu||||| |||| 00| 1 eng d
040 _aLK-CoDNM
_dLK-CoDNM
_eLK-CoDNM
041 _aeng
080 _a50
_bC16
100 _aGnanamuttu,J.I.
245 _aThe Message of the Constantine Centenary
260 _bSt.Joseph's Catholic Press
_aJaffna
_c1913
300 _b16P., 21 cm
942 _cBK
999 _c87752
_d87752